000 00381 a2200157 4500
001 61035
020 _a
040 _cAnchieta - Pituba
100 _aSantos, Antonio Jorge de Almeida
240 1 0 _a1000 testes de matemática com respostas
_lpor
245 1 0 _a1000 testes de matemática com respostas
300 _a186
362 0 _a1996
650 4 _aMatemática
942 _cBK
999 _c61035
_d61035